000
00324nam a2200133Ia 4500
008
221030s9999 xx 000 0 und d
041
_a
English
082
_a
105.23
100
_a
A. N. Agrawal
245
0
_a
Indian Economy Problems of Development & Planning
_c
by A. N. Agrawal
260
_c
0
650
_a
B
942
_c
BK
999
_c
13814
_d
13814